ATIYAH'S INTRODUCTION TO THE LAW OF CONTRACT (Record no. 162608)
[ view plain ]
| 000 -LEADER | |
|---|---|
| fixed length control field | 00254nam a2200097Ia 4500 |
| 050 ## - LIBRARY OF CONGRESS CALL NUMBER | |
| Classification number | KD 1554 .S526 2006 |
| 100 ## - MAIN ENTRY--PERSONAL NAME | |
| Personal name | ATIYAH,P.S. |
| 245 #0 - TITLE STATEMENT | |
| Title | ATIYAH'S INTRODUCTION TO THE LAW OF CONTRACT |
| 942 ## - ADDED ENTRY ELEMENTS (KOHA) | |
| Koha item type | Long Loan Book |
| Withdrawn status | Lost status | Source of classification or shelving scheme | Damaged status | Not for loan | Collection | Home library | Current library | Date acquired | Inventory number | Total checkouts | Full call number | Barcode | Date last seen | Copy number | Price effective from | Koha item type | Date last checked out |
|---|---|---|---|---|---|---|---|---|---|---|---|---|---|---|---|---|---|
| Library of Congress Classification | Law | Kisii University Library | Kisii University Library | 11/30/2023 | 29826 | KD 1554 .A85 2006 | 022833 | 11/30/2023 | C.4 | 11/30/2023 | Long Loan Book | ||||||
| Library of Congress Classification | Law | Kisii University Library | Kisii University Library | 11/30/2023 | 29825 | KD 1554 .A85 2006 | 023211 | 11/30/2023 | C.3 | 11/30/2023 | Long Loan Book | ||||||
| Library of Congress Classification | Law | Kisii University Library | Kisii University Library | 11/30/2023 | 29823 | 1 | KD 1554 .A85 2006 | 022832 | 03/30/2026 | C.1 | 11/30/2023 | Long Loan Book | 03/25/2026 | ||||
| Library of Congress Classification | Law | Kisii University Library | Kisii University Library | 11/30/2023 | 29827 | 1 | KD 1554 .A85 2006 | 023212 | 11/08/2025 | C.5 | 11/30/2023 | Long Loan Book | 10/23/2025 |